000 00802cab a2200217 4500
001 ABS38665
008 090401t1988 xxu||||| |||| 00| 0 eng d
035 _a(Sirsi) u11848
041 _aeng
100 _aPowell-Smith, V.
245 _aCommon-law rights - hard to shake off
260 _c1988
350 _a0
490 _aContract Journal
_v341(5650) 28 January 1988, 7(1)
520 _aWith reference to the ruling in NEI Thompson Ltd v Wimpey Construction UK Ltd , this article shows why the common-law right of set off has to be "squeezed out" of a contract if those parties in the contract do not want it used.
650 _aCIVIL ENGINEERING CONTRACTS
650 _aFCEC FORM OF SUBCONTRACT
690 _aBUILT ENVIRONMENT-BUILDING CONTRACT FORMS
942 _n0
948 _c04/03/1997
999 _c7568
_d7568